| 000 | 01180cam a2200325 a 4500 | ||
|---|---|---|---|
| 001 | 31099 | ||
| 005 | 20230410115558.0 | ||
| 008 | 890705s1989 miua b s001 0 eng | ||
| 035 | _9(DLC) 89005203 | ||
| 035 | _a4343305 | ||
| 010 | _a 89005203 | ||
| 020 |
_a047210148X (v. 1) : _c$39.95 (est.) |
||
| 020 |
_a0472101498 (v. 2) : _c$39.50 (est.) |
||
| 040 |
_aDLC _cDLC _dDLC |
||
| 043 | _ad------ | ||
| 050 | 1 | 4 |
_aHF 1413 _bD489 1989 |
| 082 | 0 | 0 |
_a382/.091724 _220 |
| 245 | 0 | 0 |
_aDeveloping countries and the global trading system / _cedited by John Whalley. |
| 260 |
_aAnn Arbor : _bUniversity of Michigan Press, _cc1989. |
||
| 300 |
_a2 v. : _bill. ; _c23 cm. |
||
| 440 | 0 | _aStudies in international trade policy | |
| 504 | _aIncludes bibliographical references and indexes. | ||
| 505 | 0 | _av. 1. Thematic studies from a Ford Foundation project -- v. 2. Country studies from a Ford Foundation project. | |
| 651 | 0 |
_aDeveloping countries _xCommerce. |
|
| 650 | 0 | _aForeign trade | |
| 650 | 0 | _aInternational trade. | |
| 700 | 1 | _aWhalley, John. | |
| 856 | 4 | 2 |
_3Publisher description _uhttp://www.loc.gov/catdir/description/umich051/89005203.html |
| 942 |
_2lcc _cbk |
||
| 999 |
_c43986 _d43986 |
||